Využitie metód diagnostiky ľudských zdrojov pri stanovení hodnoty podniku diplomová práca

Na minha lista:
Detalhes bibliográficos
Autor principal: Federicsová, Lucia
Autor Corporativo: Fakulta podnikového manažmentu EU. Katedra podnikovohospodárska
Outros Autores: Neumannová, Anna
Formato: Livro
Idioma:eslovaco
Publicado em: Bratislava 2013
Tags: Adicionar Tag
Sem tags, seja o primeiro a adicionar uma tag!

MARC

LEADER 00000nbm a2200000 4500
001 0170992
005 20161109102422.9
041 0 |a slo 
044 |a SK 
245 1 0 |a Využitie metód diagnostiky ľudských zdrojov pri stanovení hodnoty podniku  |b diplomová práca  |c Lucia Federicsová ; školiteľ: Anna Neumannová 
264 1 |a Bratislava  |c 2013 
300 |a 77 s. 
100 1 |a Federicsová, Lucia 
700 1 |a Neumannová, Anna 
710 2 |a Fakulta podnikového manažmentu EU. Katedra podnikovohospodárska